000 00537nam a22002057a 4500
001 00366
003 KOHA_MİRAKIL
005 20240914231528.0
008 240915b tu ||||| |||| 00| 0 tur d
020 _a9786256370104
040 _aTR-AnABB
_btur
_cTR-AnABB
041 _atur
082 _a813.42
_bKAR 2023
100 _aKarahan, Hakan
245 0 _aCenette bir hafta /
_cHakan Karahan.
260 _aİstanbul :
_bAlfa Yayınları,
_c2023.
300 _a221 sayfa ;
_c21 cm.
650 _aTürk edebiyatı, roman
942 _2ddc
_cBK
999 _c377
_d377